01917 2200277 4500001002100000005001500021008004100036020001800077035001900095041000800114082001000122084001600132100002200148245005000170260003300220300003800253500002300291504001400314520114700328650003501475650002501510990002601535990002601561990002601587990002601613INLIS00000000000326320200508202226200508||||||||| | ||| |||| ||eng|| a9780321197702 0010-0520003263 aeng0 a005.1 a005.1/KRU/T0 aPhilippe Kruchten00aThe Rational Unified Process: An Introduction aBostonbAddison Wesleyc2004 axviii, 310 p.b: illus. ;c23 cm. aIndeks : p.299-310 ap.291-297 aThis book is a concise introduction to IBM's Web-enable software engineering process.It quickly and clearly describes the concepts, structure, content, and motivation that are central to the RUP, Readers will learn how this approach to software development can be used to produce high-quality software, on schedule and on budget, using the Unified Modeling Language (UML), Software automation, and other industry best practices. This new edition has been updated to reflect all the changes integrated into the latest version of the Rational Unified Process-RUP 2003. It includes a four-color poster that list key RUP elements: diciplines, workflows, artifacts, phases, and milestones. RUP 2003 also offers: The RUP Builder with enhanced configurability, process views, and three base configurations.; MyRUP, enabling personalized views of the RUP configuration.; Additions to the Rational Process Workbench, used to define process components, perform modifications to the RUP, and creat process plugins.; The introduction af a separate process engineering process offering guidance on adapting the RUP, creating plugins, and deploying the RUP 0aComputer software--Development 0aSoftware engineering a11467/MKRI-P/XII-2008 a11466/MKRI-P/XII-2008 a11467/MKRI-P/XII-2008 a11466/MKRI-P/XII-2008